Truly distinguished : (Record no. 34650)

MARC details
000 -LEADER
fixed length control field 00797nam a22002417a 4500
008 - FIXED-LENGTH DATA ELEMENTS--GENERAL INFORMATION
fixed length control field 260520b |||||||| |||| 00| 0 eng d
017 ## - LEGAL DEPOSIT NUMBER
Legal deposit number LD.8270
018 ## - LEGAL DEPOSIT YEAR
LDD Year 2025
020 ## - INTERNATIONAL STANDARD BOOK NUMBER
ISBN 9789786971766
040 ## - CATALOGING SOURCE
Original cataloging agency NLN
Language of cataloging English
Description conventions AACR2
100 ## - MAIN ENTRY--AUTHOR
Author ASHAFA, Bareehu G.
Relator term aut
245 ## - TITLE STATEMENT
Title Truly distinguished :
Remainder of title a life of service to God, country and humanity /
Statement of responsibility, etc Gbenga Bareehu Ashafa
260 ## - PUBLICATION, DISTRIBUTION, ETC. (IMPRINT)
Place of publication Ikoyi, Lagos (36 Turnbull Road/Onikoyi Lane Parkview) :
Name of publisher Avalon,
Date of publication 2025
300 ## - COLLATION
Pagination xv, 395p. :
Other physical details ill. (some col.), ports ; 22cm
563 ## - BINDING INFORMATION
Binding note (hbk)
650 ## - TRACINGS
Main Subject Ashafa, Bareehu Gbenga, 1955-
650 ## - TRACINGS
Main Subject Politicians
Subdivision (1st) Nigeria
Subdivision (2nd) Biography
650 ## - TRACINGS
Main Subject Reminiscing
942 ## - ADDED ENTRY ELEMENTS (KOHA)
Item type Books
Suppress in OPAC No
050 ## - LIBRARY OF CONGRESS CALL NUMBER
Classification number DT515.83.A819
Item number A3
082 ## - DEWEY DECIMAL CLASSIFICATION NUMBER
Classification number 923.2669
Holdings
Source of classification or shelving scheme Not for loan Home library Current library Date acquired Mode of acquisition Accession No. Full call number Barcode. Copy number Koha item type
Library of Congress Classification   ABUJA LIBRARY BRANCH National Library of Nigeria 20/05/2026 Legal deposit 467340 DT515.83.A819 A3 467340 1 Books
Library of Congress Classification   GUSAU BRANCH National Library of Nigeria 20/05/2026 Legal deposit 467341 DT515.83.A819 A3 467341 1 Books
Library of Congress Classification   KEBBI BRANCH National Library of Nigeria 20/05/2026 Legal deposit 467342 DT515.83.A819 A3 467342 1 Books

National Library of Nigeria OPAC is powered by Koha